| 000 | 00993nmc a2200361 a 4500 | ||
|---|---|---|---|
| 003 | AR-BaBNM | ||
| 005 | 20251128205718.0 | ||
| 008 | 021020s1995 ||||||||||||||000 | spa|| | ||
| 020 | _a956-201-251-4 | ||
| 040 | _cAR-BaBNM | ||
| 100 | 1 | _aCondemarín, Mabel | |
| 245 | 1 | 0 |
_aTaller de lenguaje _bmódulos para desarrollar el lenguaje oral y escrito |
| 250 | _a1ª ed. | ||
| 260 |
_aSantiago de Chile _bDolmen Ediciones _c1995 |
||
| 300 | 0 |
_a223 p. _bgráfs. |
|
| 490 | 0 | _aEducación | |
| 504 | _aBibliografía p. 223 | ||
| 650 | 4 | _aEXPRESION ORAL | |
| 650 | 4 | _aJUEGOS EDUCATIVOS | |
| 650 | 4 | _aDRAMATIZACION | |
| 650 | 4 | _aENTREVISTAS | |
| 650 | 4 | _aLECTURA EN VOZ ALTA | |
| 650 | 4 | _aENSENANZA DE LA ORTOGRAFIA | |
| 650 | 4 | _aPERIODISMO | |
| 650 | 4 | _aANALISIS SINTACTICO | |
| 650 | 4 | _aPOESIA | |
| 653 | _aENSENANZA DE LA LENGUA | ||
| 653 | _aEXPRESION ESCRITA | ||
| 700 | 1 | _aGaldames, Viviana | |
| 700 | 1 | _aMedina Moreno, Alejandra | |
| 942 | _cBK | ||
| 998 | _cCarmen | ||
| 999 |
_c12510 _d12510 |
||